[Event "Belgrade-chT2 Quality"]
[Site "Belgrade"]
[Date "2022.10.29"]
[Round "6.6"]
[White "Lazarevic, Goran"]
[Black "Bobusic, Milan"]
[Result "0-1"]
[WhiteElo "1918"]
[BlackElo "1743"]
[PlyCount "35"]
[EventDate "2022.10.15"]
[EventType "team-tourn"]
[EventRounds "13"]
[EventCountry "SRB"]
[SourceTitle "EXT 2024"]
[Source "ChessBase"]
[SourceDate "2023.10.10"]
[SourceVersion "1"]
[SourceVersionDate "2023.10.10"]
[SourceQuality "1"]
[WhiteTeam "Sremcica"]
[BlackTeam "Novi Belgrade Technicka"]
[WhiteTeamCountry "SRB"]
[BlackTeamCountry "SRB"]

1. e4 d6 2. d4 Nf6 3. Nc3 c6 4. Be3 e6 5. f3 Be7 6. Qd2 b5 7. a3 a6 8. 0-0-0 a5 9. d5 b4 10. Nb1 exd5 11. axb4 dxe4 12. Bd4 Nbd7 13. g4 axb4 14. f4 Nxg4 15. Qg2 Ngf6 16. Qxg7 Rg8 17. Qh6 Rg6 18. Qh4 0-1

[Event "Belgrade-chT Quality"]
[Site "Belgrade"]
[Date "2021.11.14"]
[Round "10.5"]
[White "Bobusic, Milan"]
[Black "Jovanovic, Zoran Z"]
[Result "1/2-1/2"]
[WhiteElo "1786"]
[BlackElo "2162"]
[PlyCount "21"]
[EventDate "2021.10.16"]
[EventType "team-tourn"]
[EventRounds "11"]
[EventCountry "SRB"]
[SourceTitle "EXT 2023"]
[Source "ChessBase"]
[SourceDate "2022.10.05"]
[SourceVersion "1"]
[SourceVersionDate "2022.10.05"]
[SourceQuality "1"]
[WhiteTeam "Belgrade Novi"]
[BlackTeam "Belgrade Vodovod"]
[WhiteTeamCountry "SRB"]
[BlackTeamCountry "SRB"]

1. Nf3 d5 2. d4 Nf6 3. Bf4 e6 4. e3 c5 5. c3 Nc6 6. Nbd2 Be7 7. h3 0-0 8. Be2 b6 9. 0-0 Bb7 10. Rc1 a6 11. Qa4 1/2-1/2

[Event "Belgrade-chT Quality"]
[Site "Belgrade"]
[Date "2020.11.07"]
[Round "8.7"]
[White "Bjelanovic, Mile"]
[Black "Bobusic, Milan"]
[Result "1-0"]
[WhiteElo "1917"]
[BlackElo "1834"]
[PlyCount "67"]
[EventDate "2020.10.09"]
[EventType "team-tourn"]
[EventRounds "9"]
[EventCountry "SRB"]
[SourceTitle "EXT 2022"]
[Source "ChessBase"]
[SourceDate "2021.10.06"]
[SourceVersion "1"]
[SourceVersionDate "2021.10.06"]
[SourceQuality "1"]
[WhiteTeam "Belgrade Napredak"]
[BlackTeam "Belgrade NBSK"]
[WhiteTeamCountry "SRB"]
[BlackTeamCountry "SRB"]

1. e4 g6 2. d4 Bg7 3. Nf3 d6 4. h3 c6 5. a4 a5 6. Be3 Qc7 7. Bc4 Nf6 8. Nbd2 Nbd7 9. 0-0 0-0 10. c3 e5 11. dxe5 Nxe5 12. Nxe5 dxe5 13. Qb3 Re8 14. Rad1 c5 15. Bxc5 Qxc5 16. Bxf7+ Kf8 17. Bxe8 Kxe8 18. Nf3 Qe7 19. Qb5+ Nd7 20. Rd5 Bf6 21. Rfd1 Ra6 22. R1d2 h6 23. R2d3 h5 24. Nd2 Rc6 25. Nc4 Nc5 26. Nd6+ Kf8 27. Rxc5 Bd7 28. Rxc6 Bxc6 29. Qxa5 Qe6 30. Qc7 Be7 31. Rf3+ Bf6 32. b4 Kg8 33. b5 Bd7 34. Qb8+ 1-0

[Event "Belgrade-chT Quality"]
[Site "Belgrade"]
[Date "2020.10.11"]
[Round "3.7"]
[White "Gemovic, Marko"]
[Black "Bobusic, Milan"]
[Result "0-1"]
[WhiteElo "1714"]
[BlackElo "1834"]
[PlyCount "81"]
[EventDate "2020.10.09"]
[EventType "team-tourn"]
[EventRounds "9"]
[EventCountry "SRB"]
[SourceTitle "EXT 2022"]
[Source "ChessBase"]
[SourceDate "2021.10.06"]
[SourceVersion "1"]
[SourceVersionDate "2021.10.06"]
[SourceQuality "1"]
[WhiteTeam "Belgrade Borca"]
[BlackTeam "Belgrade NBSK"]
[WhiteTeamCountry "SRB"]
[BlackTeamCountry "SRB"]

1. e4 d6 2. Nf3 g6 3. d4 Bg7 4. Bd3 Nd7 5. 0-0 e5 6. dxe5 dxe5 7. Nc3 Ne7 8. Bg5 c6 9. Qc1 h6 10. Bd2 Nc5 11. Be2 g5 12. h3 Ng6 13. Nh2 Ne6 14. Bf3 Qe7 15. Ne2 Bd7 16. Be3 Nef4 17. b4 b6 18. Rb1 0-0 19. c4 Rad8 20. c5 b5 21. Qc2 Be6 22. Rfd1 Bc4 23. Nxf4 gxf4 24. Bc1 Nh4 25. Rxd8 Rxd8 26. Be2 Be6 27. a4 a6 28. axb5 axb5 29. Kf1 Qg5 30. g4 h5 31. f3 Ng6 32. Kg1 Qh4 33. Bf1 Qg3+ 34. Bg2 Qe1+ 35. Nf1 hxg4 36. Bxf4 Qh4 37. Bg3 Qh6 38. hxg4 Bc4 39. Rd1 Ra8 40. Qd2 Nf4 41. Bxf4 0-1

[Event "Belgrade-chT Quality"]
[Site "Belgrade"]
[Date "2019.10.30"]
[Round "10.8"]
[White "Stijovic, Petar"]
[Black "Bobusic, Milan"]
[Result "1-0"]
[WhiteElo "1912"]
[BlackElo "1840"]
[PlyCount "72"]
[EventDate "2019.10.05"]
[EventType "team-tourn"]
[EventRounds "11"]
[EventCountry "SRB"]
[SourceTitle "EXT 2022"]
[Source "ChessBase"]
[SourceDate "2021.10.06"]
[SourceVersion "1"]
[SourceVersionDate "2021.10.06"]
[SourceQuality "1"]
[WhiteTeam "Bogoslov"]
[BlackTeam "NBSK"]
[WhiteTeamCountry "SRB"]
[BlackTeamCountry "SRB"]

1. e4 g6 2. d4 Bg7 3. Nf3 d6 4. Be3 c6 5. Nbd2 a5 6. Be2 Nf6 7. h3 Qc7 8. c4 e5 9. d5 0-0 10. Rc1 c5 11. Nh2 Na6 12. 0-0 Ne8 13. a3 Qe7 14. Nb1 Bd7 15. Nc3 Nac7 16. Qd2 f5 17. Bh6 f4 18. Bxg7 Qxg7 19. Bg4 Nf6 20. Bxd7 Qxd7 21. Qe2 a4 22. Rb1 Ra5 23. b3 axb3 24. Rxb3 Ra7 25. Qb2 Nfe8 26. Rb1 Rf7 27. Nf3 h6 28. Nd2 g5 29. f3 h5 30. Nb5 Ra8 31. Nc3 Ra7 32. Kf2 g4 33. hxg4 hxg4 34. Rh1 Rg7 35. Qc2 Qf7 36. Rh4 Qg6 1-0

[Event "Belgrade-chTB Quality"]
[Site "Belgrade"]
[Date "2018.10.14"]
[Round "6.8"]
[White "Babin, Aleksandar"]
[Black "Bobusic, Milan"]
[Result "0-1"]
[WhiteElo "1949"]
[BlackElo "1864"]
[PlyCount "106"]
[EventDate "2018.09.29"]
[EventType "team-tourn"]
[EventRounds "11"]
[EventCountry "SRB"]
[SourceTitle "CBM 187 Extra"]
[Source "ChessBase"]
[SourceDate "2018.11.04"]
[SourceVersion "1"]
[SourceVersionDate "2018.11.04"]
[SourceQuality "1"]
[WhiteTeam "Belgrade EDB"]
[BlackTeam "Belgrade NB"]
[WhiteTeamCountry "SRB"]
[BlackTeamCountry "SRB"]

1. e4 g6 2. d4 Bg7 3. Nf3 d6 4. Bc4 e6 5. Bb3 Ne7 6. Bg5 h6 7. Be3 a5 8. c3 b6 9. Nbd2 Nd7 10. 0-0 0-0 11. h3 Kh7 12. Nh2 Ba6 13. Re1 Bd3 14. f3 e5 15. Ndf1 Ba6 16. g4 f5 17. gxf5 gxf5 18. exf5 Nxf5 19. Bc2 Kh8 20. Be4 Rb8 21. Bf2 Qg5+ 22. Kh1 Nh4 23. Ne3 Nf6 24. Bc6 Bc8 25. Rg1 Qf4 26. Qe1 Nf5 27. Nd5 Nxd5 28. Rg4 Ng3+ 29. Rxg3 Ne7 30. Qg1 Qf7 31. Be4 d5 32. Bc2 Nf5 33. Bxf5 Bxf5 34. dxe5 Bxe5 35. Bd4 Rbe8 36. Ng4 Bxg4 37. hxg4 Qf4 38. Rd1 c5 39. Bxe5+ Rxe5 40. Re1 Rfe8 41. Rxe5 Rxe5 42. Qf2 d4 43. cxd4 cxd4 44. Kg2 Re3 45. Qc2 Qd6 46. g5 Qe6 47. Qd1 d3 48. f4 Qe4+ 49. Kh3 Qf5+ 50. Kg2 Re2+ 51. Kf3 h5 52. Rg1 Qe4+ 53. Kg3 Qe3+ 0-1